000 00428nam a2200157Ia 4500
008 240729s9999 xx 000 0 und d
022 _a2217-8066
245 0 _aSpatium
260 _aSerbia
260 _bInstitute of Architecture, Urban & Spatial Planning of Serbia
650 _a Architecture
650 _aFine Arts
856 _uhttps://doaj.org/toc/d3f460f04f2f4f849aa9feef69cec258
942 _2ddc
942 _cDOAJEJ
999 _c66064
_d66064
945 _a1
_bMadushi Gamage
_c1
_dMadushi Gamage